| 000 | 00748nam a22002057a 4500 | ||
|---|---|---|---|
| 003 | NUST-PNEC | ||
| 005 | 20170116180715.0 | ||
| 008 | 141016b xxu||||| |||| 00| 0 eng d | ||
| 020 | _a0849309670 | ||
| 040 | _cPNEC | ||
| 082 | _a621.38'02 GIB | ||
| 100 |
_9669 _aGibson, Jerry D. |
||
| 245 |
_aThe communications handbook _cJerry D. Gibson |
||
| 250 | _a2nd ed. | ||
| 260 |
_aBoca Raton, Fla. ; London : _bCRC Press, _cc2002. |
||
| 300 |
_a1 v. (various pagings) : _bill. (some col.), maps (some col.) ; _c 26 cm. |
||
| 500 | _aIncludes Index http://www.amazon.com/Communications-Handbook-Electrical-Engineering/dp/0849309670/ref=sr_1_1?s=books&ie=UTF8&qid=1413458880&sr=1-1&keywords=0849309670 | ||
| 650 | _xEL, MS COMM | ||
| 942 |
_2ddc _cBK |
||
| 999 |
_c61123 _d61123 |
||